000 nam a22 7a 4500
999 _c69
_d69
005 20170810025652.0
008 170810b xxu||||| |||| 00| 0 eng d
020 _a9789712724060
_bpaperback
040 _beng
_cAPEC Schools Library
_erda
082 _aC 428
_bH113co 2010
100 _aHabana, Pacita I.
245 _aCollege English for today 1
_cPacita I. Habana, Alicia L. Cinco
250 _anew edition
264 _aMandaluyong City, PH :
_bAnvil Publishing ,
_c©2010
_d[2010]
300 _a327 pages ;
_c26 cm
336 _2rdacontent
_atext
337 _2rdamedia
_aunmediated
338 _2rdacarrier
_avolume
504 _aIncludes bibliographical references.
650 _aEnglish language
_vStudy and teaching (Secondary)
650 _aEnglish language
_vUsage
650 _aEnglish language
_vGrammar
942 _2ddc
_cBK